[Event "Challenge"]
[Site "http://www.queenalice.com/game.php?id=420147"]
[Date "2008.6.19"]
[Round "-"]
[White "Kasparov1"]
[Black "bentospm"]
[Result "0-1"]
[WhiteElo "1783"]
[BlackElo "1761"]

1. e4 c5 2. Nf3 Nc6 3. d4 cxd4 4. Nxd4 g6 5. c4 Bg7 6. Be3 Nf6 7. Nc3 O-O 8. Be2
d6 9. O-O Bd7 10. Nxc6 Bxc6 11. Bf3 a6 12. b3 Nd7 13. Rc1 Ne5 14. Bf4 Nxf3+ 15.
Qxf3 e5 16. Be3 f5 17. Qh3 f4 18. Bd2 Bd7 19. Qd3 f3 20. g3 Bc6 21. Nd5 Kh8 22.
h4 Qd7 23. Kh2 Qg4 24. Rce1 h6 25. Ne3 Qxe4 26. Qxe4 Bxe4 27. Nd5 Bf5 28. Bc3
Rf7 29. Re3 e4 30. Bxg7+ Kxg7 31. Rg1 g5 32. g4 Bh7 33. h5 Rc8 34. Rd1 Rc6 35.
Rd4 b5 36. Nc3 bxc4 37. Rxc4 Rxc4 38. bxc4 Re7 39. Na4 Kf6 40. Nc3 Ke5 41. Kg3
Kd4 42. Nd5 Rb7 43. Nf6 Ke5 44. Nd5 Kd4 45. Rc3 Bg8 46. Rb3 Rxb3 47. axb3 Bxd5
0-1

[Event "Challenge"]
[Site "http://www.queenalice.com/game.php?id=423179"]
[Date "2008.6.25"]
[Round "-"]
[White "bentospm"]
[Black "Kasparov1"]
[Result "1-0"]
[WhiteElo "1566"]
[BlackElo "1784"]

1. d4 d5 2. c4 e6 3. Nc3 Nf6 4. e3 c6 5. Nf3 Bd6 6. Bd3 O-O 7. O-O Nbd7 8. cxd5
cxd5 9. Bd2 b6 10. a3 g6 11. e4 dxe4 12. Nxe4 Nxe4 13. Bxe4 Rb8 14. Rc1 Nf6 15.
Bc6 Bd7 16. Bh6 Re8 17. Ne5 Re7 18. Bg5 Kg7 19. Qf3 Bxe5 20. dxe5 Ng8 21. Rfd1
Qe8 22. Bxe7 Qxe7 23. Rxd7 Qg5 24. Qxf7+ Kh6 25. Qxh7# 1-0

[Event "AUTO-OPEN-1178"]
[Site "http://www.queenalice.com/game.php?id=425136"]
[Date "2008.6.29"]
[Round "1"]
[White "hugo10"]
[Black "bentospm"]
[Result "0-1"]
[WhiteElo "1432"]
[BlackElo "1500"]

1. e4 c5 2. d3 Nc6 3. Nf3 d6 4. Bd2 Nf6 5. Bg5 a6 6. Bxf6 exf6 7. a3 Be7 8. h4
O-O 9. g4 Bxg4 10. Bh3 Bh5 11. Qe2 Nd4 12. Nxd4 Bxe2 13. Nf5 Bh5 14. Rg1 g6 15.
Nh6+ Kh8 16. Bg4 Bxg4 17. Nxg4 d5 18. e5 fxe5 19. Nxe5 Bxh4 20. Nd2 Qe8 21. Nf3
Bf6 22. Rd1 Bxe5 23. c4 Bh2+ 24. Kf1 Bxg1 25. Nxg1 dxc4 26. dxc4 Rd8 27. Re1
Qxe1+ 28. Kxe1 Rfe8+ 29. Kf1 Rd1+ 30. Kg2 Rxg1+ 31. Kxg1 Re2 32. b4 cxb4 33.
axb4 Rb2 34. Kg2 Rxb4 35. c5 Rc4 36. Kg3 Rxc5 37. f4 a5 38. Kg4 a4 0-1

[Event "AUTO-OPEN-1178"]
[Site "http://www.queenalice.com/game.php?id=425158"]
[Date "2008.6.29"]
[Round "1"]
[White "bentospm"]
[Black "QQ123"]
[Result "0-1"]
[WhiteElo "1500"]
[BlackElo "2228"]

1. d4 Nf6 2. c4 c5 3. Nf3 cxd4 4. Nxd4 b6 5. Nf3 Bb7 6. Nc3 a6 7. e3 e6 8. Be2
Be7 9. O-O O-O 10. b3 Qc7 11. Bb2 d6 12. Qc2 Nbd7 13. Rad1 Rac8 14. Qc1 Qb8 15.
Qb1 Qa8 16. Ba3 Nc5 17. Na4 Nxa4 18. bxa4 Ne4 19. Qb3 Rfd8 20. Nd4 Nc5 21. Bxc5
bxc5 22. Nf3 Be4 0-1

[Event "AUTO-OPEN-1178"]
[Site "http://www.queenalice.com/game.php?id=425159"]
[Date "2008.6.29"]
[Round "1"]
[White "QQ123"]
[Black "bentospm"]
[Result "1-0"]
[WhiteElo "2227"]
[BlackElo "1500"]

1. e4 c5 2. d4 cxd4 3. c3 dxc3 4. Nxc3 Nc6 5. Nf3 g6 6. Bc4 Bg7 7. e5 Nh6 8. Bf4
e6 9. O-O a6 10. Re1 O-O 11. Qd2 Nf5 12. Ne4 d5 13. exd6 Bd7 14. Nc5 Qc8 15.
Rac1 b5 16. Bd3 Re8 17. Be4 Rd8 18. Nxd7 1-0

[Event "AUTO-OPEN-1178"]
[Site "http://www.queenalice.com/game.php?id=425160"]
[Date "2008.6.29"]
[Round "1"]
[White "bentospm"]
[Black "adrianotanguan"]
[Result "0-1"]
[WhiteElo "1743"]
[BlackElo "2025"]

1. d4 d5 2. c4 e6 3. Nc3 Be7 4. Nf3 Nf6 5. e3 O-O 6. Bd3 dxc4 7. Bxc4 c5 8. O-O
Nc6 9. dxc5 Bxc5 10. b3 a6 11. Bb2 Qc7 12. Qc2 b5 13. Bd3 Nb4 14. Qb1 Nxd3 15.
Qxd3 Bb7 16. e4 b4 17. Na4 Bxe4 18. Qe2 Be7 19. Rac1 Qb7 20. Rfe1 Rfc8 21. Bxf6
Rxc1 22. Rxc1 Bxf6 23. Nc5 Bxf3 24. gxf3 Qb5 25. Rc4 Rd8 26. Ne4 Be7 27. Qc2 f5
28. Nc5 Qc6 29. Kg2 a5 30. Nd3 Qd6 31. Rc6 Qxd3 0-1

[Event "Challenge"]
[Site "http://www.queenalice.com/game.php?id=430878"]
[Date "2008.7.10"]
[Round "-"]
[White "miguelnalexandre"]
[Black "bentospm"]
[Result "0-1"]
[WhiteElo "1689"]
[BlackElo "1752"]

1. e4 e5 2. Nf3 d6 3. d4 exd4 4. Nxd4 Nf6 5. Nc3 Be7 6. Bc4 O-O 7. Bf4 Nbd7 8.
Qd2 Ne5 9. Bb3 Bg4 10. f3 Bh5 11. g4 c5 12. gxh5 cxd4 13. Qxd4 Nxf3+ 14. Kf1
Nxd4 15. Bc4 Nxh5 16. Be3 Nxc2 17. Rc1 Nxe3+ 18. Ke2 Nxc4 19. Nd5 Ne5 20. Rc7
Nf4+ 21. Nxf4 Qxc7 22. Nd5 Qc4+ 23. Ke3 Bg5+ 24. Kf2 Qxe4 25. Rf1 Qxd5 26. a3
Qf3+ 27. Kg1 Be3+ 28. Rf2 Qxf2+ 29. Kh1 Qf1# 0-1

[Event "Challenge"]
[Site "http://www.queenalice.com/game.php?id=432220"]
[Date "2008.7.12"]
[Round "-"]
[White "bentospm"]
[Black "attachui"]
[Result "1-0"]
[WhiteElo "1669"]
[BlackElo "1849"]

1. d4 d5 2. c4 c6 3. Nc3 Nf6 4. e3 Bf5 5. Bd3 Qd7 6. cxd5 cxd5 7. Bxf5 Qxf5 8.
Nf3 g6 9. O-O Bg7 10. Nb5 Na6 11. Bd2 O-O 12. Rc1 Rfc8 13. Qb3 Rxc1 14. Rxc1 Ne4
15. Be1 e5 16. Qxd5 Re8 17. Qxb7 Nb4 18. Bxb4 exd4 19. Nbxd4 Qg4 20. Qxa7 f5 21.
h3 Qh5 22. Qb7 f4 23. Rc8 g5 24. Qxe4 1-0

[Event "Challenge"]
[Site "http://www.queenalice.com/game.php?id=459709"]
[Date "2008.9.7"]
[Round "-"]
[White "ZUMBI"]
[Black "bentospm"]
[Result "0-1"]
[WhiteElo "1750"]
[BlackElo "1752"]

1. e4 c5 2. d4 cxd4 3. Qxd4 Nc6 4. Qa4 Nf6 5. Nc3 d6 6. Bb5 Bd7 7. Bg5 a6 8. Bc4
b5 9. Bxf7+ Kxf7 10. Qb3+ Be6 11. Qa3 b4 12. Qa4 bxc3 13. bxc3 Bd7 14. Qc4+ e6
15. Nf3 Be7 16. O-O Qa5 17. Qb3 Rab8 18. Qc4 Rhc8 19. Bh4 Ne5 20. Qe2 Bb5 21.
Qd1 Nxf3+ 22. Qxf3 Bxf1 23. Rxf1 Qxc3 24. Qf4 Qxc2 25. a3 Rb1 26. h3 Rxf1+ 27.
Kxf1 Qd1# 0-1

[Event "Challenge"]
[Site "http://www.queenalice.com/game.php?id=459710"]
[Date "2008.9.7"]
[Round "-"]
[White "bentospm"]
[Black "ZUMBI"]
[Result "1-0"]
[WhiteElo "1732"]
[BlackElo "1676"]

1. d4 d5 2. c4 Nc6 3. e3 Nf6 4. Nc3 Bf5 5. Nf3 Nb4 6. Qa4+ Nc6 7. Ne5 Bd7 8.
Nxd7 Qxd7 9. Be2 O-O-O 10. c5 h5 11. b4 e5 12. b5 Ne7 13. Qxa7 Nf5 14. Qa8# 1-0

[Event "Challenge"]
[Site "http://www.queenalice.com/game.php?id=465280"]
[Date "2008.9.18"]
[Round "-"]
[White "juarid"]
[Black "bentospm"]
[Result "1-0"]
[WhiteElo "1730"]
[BlackElo "1794"]

1. e4 c5 2. Nc3 Nc6 3. g3 d6 4. Bg2 Nf6 5. d3 g6 6. Nge2 Bg7 7. h3 O-O 8. Be3
Rb8 9. Qd2 Re8 10. g4 e6 11. Ng3 1-0

[Event "Challenge"]
[Site "http://www.queenalice.com/game.php?id=477733"]
[Date "2008.10.15"]
[Round "-"]
[White "MASTROIANNI"]
[Black "bentospm"]
[Result "1-0"]
[WhiteElo "1546"]
[BlackElo "1760"]

1. d4 d5 2. Nf3 Nf6 3. c3 g6 4. Bg5 Bg7 5. Qd3 O-O 6. Nbd2 Nbd7 7. h4 c6 8. g3
Nb6 9. Bh3 Bxh3 10. Rxh3 Nh5 11. g4 Nf6 12. Bxf6 exf6 13. g5 Qd7 14. Rg3 f5 15.
b4 Rae8 16. e3 1-0

[Event "Challenge"]
[Site "http://www.queenalice.com/game.php?id=605004"]
[Date "2009.6.17"]
[Round "-"]
[White "bentospm"]
[Black "ABarberis"]
[Result "0-1"]
[WhiteElo "1704"]
[BlackElo "1816"]

1. d4 d5 2. c4 c6 3. Nc3 Bf5 4. cxd5 cxd5 5. e3 Nf6 6. Nf3 a6 7. Bd3 Bxd3 8.
Qxd3 e6 9. O-O Bd6 10. a3 Nc6 11. e4 dxe4 12. Nxe4 Nxe4 13. Qxe4 O-O 14. b4 Qd7
15. Bb2 Ne7 16. Rac1 a5 17. Ng5 Ng6 18. Bc3 axb4 19. axb4 Ra4 20. Rb1 Rc8 21. d5
exd5 0-1

[Event "Challenge"]
[Site "http://www.queenalice.com/game.php?id=605007"]
[Date "2009.6.17"]
[Round "-"]
[White "pablonet"]
[Black "bentospm"]
[Result "1-0"]
[WhiteElo "1707"]
[BlackElo "1726"]

1. e4 c5 2. Bc4 e6 3. Nf3 a6 4. c3 g6 5. d4 d5 6. exd5 exd5 7. Be2 c4 8. Nbd2
Bg7 9. b3 b5 10. O-O Nf6 11. Re1 O-O 12. Nh4 Ne4 13. Nxe4 dxe4 14. g3 Qd5 15.
Be3 Bb7 16. bxc4 bxc4 17. Rf1 g5 18. Ng2 Bc6 19. f3 h6 20. f4 Nd7 21. f5 Nf6 22.
a4 Bd7 23. g4 Rab8 24. Qc2 Rfc8 25. Rfb1 Rxb1+ 26. Qxb1 1-0